000 00299nam a2200133Ia 4500
008 191201s2014 xx 000 0 und d
100 _aROY,SK
245 0 _aFundamentals of Surveying
250 _a12th
260 _aN. Delhi
_bPHI
_c2014
300 _a606
650 _aB.Tech(CE)
942 _2ddc
_cBK
999 _c5869
_d5869